00951nam a2200205Ia 4500952009700000999001700097008004100114020001500155082002100170100003300191245022600224250003500450260005700485300003500542519004300577650004100620700003100661700004600692942000700738 00104070a01b01d2007-01-25l0o004 G578ib 1986p01 003383r2012-06-24t1w2012-06-24yLB c55494d55494120622s1986 mx a 000 0 spa d a9688800392 a004bG578ib 1986 aGoldstein, Larry Joeleautor aIBM PC y compatiblesb: introducción al sistema operativo, programación y aplicaciones en basic c/ Larry Joel Goldstein, Martin Goldstein ; tr. Rosa María Rosas Sánchez ; rev. técnica Carlos Corral de la Concha aedición revisada y ampliada aMéxico b : Prentice Hall Hispanoamericanac, 1986 a445 páginasb: ilustraciones aMaterial Complementario /d(01 003383)14aPROCESAMIENTO ELECTRÓNICO DE DATOS 1aGoldstein, Martíneautor 1aRosas Sánchez, Rosa Maríaetraductora cLB